| 000 | 00525nam a2200181 a 4500 | ||
|---|---|---|---|
| 005 | 20240614063722.0 | ||
| 008 | 071003s1971 mx r 000 0 spa d | ||
| 035 | _aUPN01000152552 | ||
| 049 | _aCG | ||
| 050 | 4 |
_aPE1121 _bD5.41 1971 |
|
| 100 | 1 |
_aDixson, Robert James, _d1908-1963 _930894 |
|
| 245 | 1 | 0 |
_aModern american english : _bbook 1 / _cRobert J. Dixson. |
| 250 | _arev. ed. | ||
| 260 |
_aNew York : _bRegents, _c1971. |
||
| 300 |
_ax, 259 p. : _bil. |
||
| 650 | 4 |
_aInglés _xEstudio y enseñanza _918 |
|
| 905 | _aLibro | ||
| 999 |
_c124675 _d124675 |
||